| 000 | 01321nam a2200337 a 4500 | ||
|---|---|---|---|
| 001 | 000109386 | ||
| 003 | CHAP | ||
| 005 | 20220329144049.0 | ||
| 008 | 140424s2013 mx | |sm |||||||spa|d | ||
| 010 | _a105848 | ||
| 011 | _a106820 | ||
| 040 | _cCHAP | ||
| 090 | _aTesis | ||
| 100 | 1 |
_aMontes Tirzo, Ernesto Manuel Mariano _9126560 |
|
| 245 | 1 | 0 |
_aRespuesta de siete especies de maleza a la mezcla de amicarbazone + paraquat comparado contra glifosato y glufosinato de amonio, bajo condiciones de invernadero _h[En línea] _cpor Ernesto Manuel Mariano Montes Tirzo. |
| 260 |
_aChapingo, Méx. : _bEl autor, _c2013. |
||
| 500 | _aPara ver el contenido del material haga clic en la liga | ||
| 502 | _aTesis (Ing. Agr. Esp. en Parasitología Agrícola) -- UACH. Departamento de Parasitología Agrícola | ||
| 590 |
_aBATCH-UPD _b05 _c20141002 _lUCH01 _h0901 |
||
| 590 |
_aE792CSJ _b05 _c20140424 _lUCH01 _h0900 |
||
| 590 |
_aE792CSJ _b05 _c20140424 _lUCH01 _h0900 |
||
| 650 | 1 | 4 |
_aGlifosato. _948283 |
| 650 | 1 | 4 |
_aHerbicidas _xEfecto en pastos. _953695 |
| 650 | 1 | 4 |
_aMalas hierbas _xHerbicidas. _9125597 |
| 650 | 1 | 4 |
_aParaquat. _985461 |
| 650 | 1 | 4 |
_aPesticidas _xEfecto en plantas. _987553 |
| 856 |
_aFinding aid _uhttp://10.13.5.2/tesis/sist109386.pdf _zTeclea aquí |
||
| 901 | _aBK | ||
| 942 | _cTESIS | ||
| 942 | _n0 | ||
| 999 |
_c105848 _d105848 |
||